000 00861nam a22003137a 4500
001 BR9602654
003 BR-BrBNA
005 20230928095008.0
007 ta
008 230509b bl.||||| |||| 00| 0 por d
040 _aBR-BrBNA
_bpor
_cBiblioteca Nacional de Agricultura
041 _a(Por)
072 _aF30; F03; H20
_b0336
090 _ 0336 BR9602654
110 1 _aCentro Nacional de Pesquisa de Soja, Londrina, PR (Brasil)
_91793
245 1 _aResultados de pesquisa de soja 1980/81
260 3 _aLondrina, PR (Brasil):
_c1981.
300 _a579 p.
650 _aSoja
650 _aMelhoramento Genetico Vegetal
650 _aErva Daninha
650 _aSemente
650 _aDoenca de Planta
650 _aPraga de Planta
650 _aHerbicida
650 _aControle Quimico
909 _a202309
_bLucia
_c55
_dLucia Elande
942 _cBK
999 _c53891
_d53891